000
00286nam a2200121Ia 4500
008
190216s9999||||xx |||||||||||||| ||und||
100
_a
Mohana Varma K L
245
0
_a
Malayalam-Nammal Pathigal
260
_b
Poorna Pubs Kozhikode
300
_a
150
650
_a
Malayalam
942
_c
BK
999
_c
27004
_d
27004